000 00540nam a2200169 i 4500
001 147870
003 ES-MaACL
005 20230906202309.0
007 t|
008 071008s1939 sp ||||1| spa d
100 1 _aUrrutia, Federico de.
_9112245
245 1 3 _aLa paz que quiere Hitler /
_clo escribió Federico de Urrutia en el año de la Victoria.
260 _aMadrid :
_bBlass,
_c1939.
300 _a48 p. ;
_c22 cm.
650 1 4 _aGuerra mundial, 1939-1945-
_xCausas y antecedentes.
_913236
852 _aES-MaACL
_j1824-F-19
_bR.17014
999 _c147870
_d147870